Guerilla marketing ako forma nízkonákladového marketingu

Podstata guerilla marketingu. Základné efekty guerilla marketingu. Ambient marketing. Astroturfing. Virálny marketing. Využivanie guerilla marketingu v MSP.

Uložené v:
Podrobná bibliografia
Hlavný autor: Majtán, Štefan
Ďalší autori: Spišiaková, Mária
Médium: Kapitola
Jazyk:Slovak
Predmet:
Tagy: Pridať tag
Žiadne tagy, Buďte prvý, kto otaguje tento záznam!

MARC

LEADER 00000naa a2200000 4500
001 0198519
005 20240502073344.3
041 0 |a slo 
044 |a SK 
245 1 0 |a Guerilla marketing ako forma nízkonákladového marketingu  |c Štefan Majtán, Mária Spišiaková 
520 |a Podstata guerilla marketingu. Základné efekty guerilla marketingu. Ambient marketing. Astroturfing. Virálny marketing. Využivanie guerilla marketingu v MSP. 
610 2 0 |a marketing 
610 2 0 |a podnik malý 
610 2 0 |a podnik stredný 
610 2 0 |a marketing mix 
610 2 0 |a kampane reklamné 
610 2 0 |a guerilla marketing 
100 1 |a Majtán, Štefan 
700 1 |a Spišiaková, Mária